| 000 | 00457nam a2200169Ia 4500 | ||
|---|---|---|---|
| 008 | 220803s9999 xx 000 0 und d | ||
| 020 | _a0-94-414219-2 | ||
| 041 | _aeng | ||
| 082 | _a720.9 BHA/SCR | ||
| 100 |
_aBhatt V _99700 |
||
| 245 | _aContemporary Indian Architecture : After The Masters | ||
| 260 |
_aAhmedabad _bMapin Pub. _c1990 |
||
| 300 | _a221p | ||
| 500 | _aArchitecture | ||
| 650 |
_aHistory Of Architecture _99701 |
||
| 700 |
_aScriver P _99702 |
||
| 999 |
_c8578 _d8578 |
||